[Event "Mar de Ajo op"]
[Site "Mar de Ajo"]
[Date "2018.10.27"]
[Round "4.1"]
[White "Daneri, Martin"]
[Black "Gomez Borges, Ruben Alfredo"]
[Result "1-0"]
[WhiteElo "2086"]
[BlackElo "1787"]
[PlyCount "35"]
[EventDate "2018.10.26"]
[EventType "swiss"]
[EventRounds "6"]
[EventCountry "ARG"]
[SourceTitle "EXT 2024"]
[Source "ChessBase"]
[SourceDate "2023.10.10"]
[SourceVersion "1"]
[SourceVersionDate "2023.10.10"]
[SourceQuality "1"]

1. d4 Nf6 2. c4 d6 3. Nc3 g6 4. e4 Bg7 5. Be2 0-0 6. a4 c5 7. e5 Nfd7 8. d5 Na6 9. h4 Qa5 10. Bd2 Qc7 11. h5 e6 12. hxg6 hxg6 13. f4 Re8 14. dxe6 fxe6 15. Nf3 Nb4 16. Nb5 Qb6 17. Bc3 d5 18. cxd5 1-0

[Event "La Plata Spring op"]
[Site "La Plata"]
[Date "2018.09.16"]
[Round "4.8"]
[White "Layun, Carlos"]
[Black "Gomez Borges, Ruben Alfredo"]
[Result "0-1"]
[WhiteElo "1316"]
[BlackElo "1787"]
[PlyCount "65"]
[EventDate "2018.09.11"]
[EventType "swiss"]
[EventRounds "7"]
[EventCountry "ARG"]
[SourceTitle "EXT 2024"]
[Source "ChessBase"]
[SourceDate "2023.10.10"]
[SourceVersion "1"]
[SourceVersionDate "2023.10.10"]
[SourceQuality "1"]

1. e4 d6 2. Nf3 e5 3. d4 Nd7 4. Bb5 c6 5. Ba4 Ngf6 6. Nc3 Be7 7. Bb3 0-0 8. 0-0 Qc7 9. Be3 b5 10. a3 a5 11. d5 Bb7 12. Qd2 b4 13. axb4 axb4 14. Rxa8 Bxa8 15. Na4 Nxe4 16. Qd3 cxd5 17. Rc1 d4 18. Bd2 Nec5 19. Nxc5 Nxc5 20. Qf5 Be4 21. Qh5 Bg6 22. Qh3 Qc8 23. Qxc8 Rxc8 24. Ra1 Nxb3 25. cxb3 Bc2 26. Rc1 d3 27. Ne1 e4 28. f3 d5 29. Kf2 f5 30. Be3 Bf6 31. Ra1 Bxb2 32. Ra5 d4 33. Bd2 0-1

[Event "Platense-ch"]
[Site "La Plata"]
[Date "2018.01.15"]
[Round "9"]
[White "Gomez Borges, Ruben Alfredo"]
[Black "Ferreyra, Gustavo"]
[Result "1/2-1/2"]
[WhiteElo "1782"]
[BlackElo "1673"]
[PlyCount "122"]
[EventDate "2018.01.03"]
[EventType "swiss"]
[EventRounds "9"]
[EventCountry "ARG"]
[SourceTitle "EXT 2019"]
[Source "ChessBase"]
[SourceDate "2018.10.10"]
[SourceVersion "1"]
[SourceVersionDate "2018.10.10"]
[SourceQuality "1"]

1. d4 Nf6 2. Bf4 d5 3. e3 c5 4. c3 Nc6 5. Nd2 Bf5 6. Be2 e6 7. Ngf3 h6 8. h3 Bd6 9. Ne5 Qc7 10. Ndf3 Nd7 11. Nxd7 Qxd7 12. dxc5 Bxc5 13. Bb5 0-0 14. Ne5 Qc8 15. Nxc6 bxc6 16. Ba4 Qa6 17. Bc2 Bxc2 18. Qxc2 Rfd8 19. Qe2 Qxe2+ 20. Kxe2 Bd6 21. Bxd6 Rxd6 22. Rhd1 Rdd8 23. b4 Kf8 24. Rac1 Rab8 25. a3 Ke7 26. c4 Rdc8 27. cxd5 cxd5 28. g4 g6 29. h4 f6 30. f4 a6 31. Kd3 e5 32. fxe5 fxe5 33. Rf1 Rxc1 34. Rxc1 Kd6 35. g5 hxg5 36. hxg5 Rb6 37. Rc8 Kd7 38. Rg8 Ke7 39. Rg7+ Ke8 40. Kc3 Rc6+ 41. Kd3 Rb6 42. Rc7 Rd6 43. Kc3 Kd8 44. Rb7 Rc6+ 45. Kd3 Rd6 46. a4 Re6 47. b5 axb5 48. Rxb5 Rd6 49. e4 dxe4+ 50. Kxe4 Rd4+ 51. Kxe5 Rxa4 52. Rb6 Ke7 53. Rxg6 Ra5+ 54. Kf4 Kf7 55. Rf6+ Kg7 56. Rd6 Rb5 57. Kg4 Rb1 58. Rd4 Kg6 59. Rd6+ Kg7 60. g6 Rg1+ 61. Kf5 Rf1+ 1/2-1/2

[Event "Platense-ch"]
[Site "La Plata"]
[Date "2018.01.13"]
[Round "8"]
[White "Salinas, Lautaro"]
[Black "Gomez Borges, Ruben Alfredo"]
[Result "1-0"]
[WhiteElo "1897"]
[BlackElo "1782"]
[PlyCount "69"]
[EventDate "2018.01.03"]
[EventType "swiss"]
[EventRounds "9"]
[EventCountry "ARG"]
[SourceTitle "EXT 2019"]
[Source "ChessBase"]
[SourceDate "2018.10.10"]
[SourceVersion "1"]
[SourceVersionDate "2018.10.10"]
[SourceQuality "1"]

1. e4 d6 2. d4 Nd7 3. Nc3 e5 4. Nf3 Be7 5. Bc4 c6 6. a4 Ngf6 7. 0-0 Qc7 8. h3 h6 9. Be3 Nf8 10. Qd2 g5 11. Nh2 Ng6 12. Rad1 Nf4 13. Bxf4 gxf4 14. dxe5 dxe5 15. Qe2 Rg8 16. Kh1 Bd7 17. Rd2 Rg7 18. Rfd1 0-0-0 19. Nf3 Rdg8 20. Ne1 f3 21. Qxf3 Kb8 22. Ne2 h5 23. Ng3 Be6 24. Bxe6 fxe6 25. Nxh5 Nxh5 26. Qxh5 Bg5 27. Rd6 Rh7 28. Qg4 Qg7 29. Nf3 Be7 30. Qxg7 Rhxg7 31. Rxe6 Bc5 32. Rxe5 Rxg2 33. Rd8+ Kc7 34. Rxg8 Rxg8 35. Rxc5 1-0